Music Quiz

Random Music or Blitz Quiz

60 Second Blitz-Pearl Jam Songs Quiz Stats

 Plays Quiz not verified by Sporcle

Also try: Musicians by Lego
Challenge
Share
Tweet
Embed
Score 0/173 Timer 01:00
0 Plays Today
% Correct
Alive
87.6%
Jeremy
73.2%
Go
72.1%
Black
70.3%
Once
69.2%
Even Flow
66.8%
Why Go
60.6%
Porch
57%
Animal
56.6%
Oceans
55.2%
Deep
52.5%
Daughter
52.1%
Release
50.4%
Garden
49%
Better Man
43.4%
Sirens
42.1%
Nothingman
31.4%
Rats
31.3%
Blood
31.2%
Leash
29.4%
W.M.A.
27.7%
Bugs
25%
Given to Fly
23.3%
Dissident
22.1%
Corduroy
22%
Hail Hail
21.5%
Ole
21.1%
Rearviewmirror
20.8%
Gone
20.6%
Yellow Ledbetter
19.8%
Indifference
19.7%
Not For You
19.4%
Elderly Woman Behind the Counter in a Small Town
19.3%
MFC
19.1%
Glorified G
19%
Immortality
18.9%
Smile
18.9%
Wishlist
18.7%
Habit
18%
Lukin
17.5%
Alone
17.4%
Breath
17.2%
Arc
16.9%
Do The Evolution
16.4%
Last Exit
16%
Off He Goes
15.7%
Sad
15.5%
Pilate
14.9%
The Fixer
14%
Come Back
13.4%
Save You
13.3%
Spin the Black Circle
12.5%
Lightning Bolt
12.5%
You Are
12.3%
Mankind
11.5%
Wash
11.5%
Down
11.4%
Footsteps
11.1%
% Correct
Light Years
10.7%
I Am Mine
10.6%
Mind Your Manners
9.8%
Just Breathe
9.6%
Sometimes
9.5%
In My Tree
9.4%
Angel
9.4%
Brain of J
9.3%
Faithfull
9.1%
Thin Air
8.9%
Ghost
8.8%
Who You Are
8.7%
Rival
8.6%
Tremor Christ
8.6%
State of Love and Trust
8.4%
No Way
8.3%
Life Wasted
8.1%
World Wide Suicide
8%
7.7%
Red Mosquito
7.2%
Satan's Bed
7.2%
1
7%
Insignificance
6.8%
Pry To
6.8%
Whipping
6.6%
Yellow Moon
6.5%
Breakerfall
6.4%
I Got Id
6.4%
In Hiding
6.4%
The End
6.3%
Cropduster
6.1%
Comatose
6%
Leatherman
5.9%
All Night
5.8%
Bee Girl
5.8%
Brother
5.5%
Gods Dice
5.5%
Of the Girl
5.4%
Grievance
5.3%
Evacuation
5.2%
Got Some
5.2%
Parachutes
5.2%
Present Tense
5.1%
Low Light
4.8%
I'm Open
4.5%
Love Boat Captain
4.5%
Untitled
4.5%
Big Wave
4.2%
Nothing as it Seems
4%
Army Reserve
3.6%
Hey Foxymophandlemama That's Me
3.5%
Fatal
3.5%
All Those Yesterdays
3.3%
Inside Job
3.2%
Johnny Guitar
3.2%
Supersonic
3.2%
Unthought Known
3.2%
All or None
3.1%
% Correct
Can't Keep
3.1%
Amongst the Waves
2.9%
Undone
2.9%
Aye Davanita
2.9%
Help Help
2.8%
Pendulum
2.7%
Bushleaguer
2.6%
Green Disease
2.6%
Speed of Sound
2.6%
Severed Hand
2.5%
Gonna See My Friend
2.4%
Push Me Pull Me
2.4%
Wasted Reprise
2.4%
Marker in the Sand
2.3%
Get Right
2.2%
Long Road
2%
Soon Forget
2%
Sweet Lew
2%
Dirty Frank
1.9%
Force of Nature
1.9%
Around the Bend
1.9%
Man of the Hour
1.7%
Driftin
1.6%
Hold On
1.6%
Just a Girl
1.6%
U
1.6%
Unemployable
1.6%
Parting Ways
1.5%
Getaway
1.5%
Infallible
1.5%
Hard to Imagine
1.4%
Sleight of Hand
1.3%
Thumbing My Way
1.3%
Education
1%
Other Side
1%
Let Me Sleep
0.9%
Sleeping By Myself
0.9%
Future Days
0.9%
Black Red Yellow
0.8%
Dead Man
0.8%
Whale Song
0.8%
Hitchhiker
0.6%
No More
0.6%
Swallowed Whole
0.6%
Let the Records Play
0.3%
My Father's Son
0.3%
2000 Mile Blues
0.3%
In the Moonlight
0.3%
Don't Gimme No Lip
0.2%
Out of My Mind
0.2%
Santa Cruz
0.2%
Santa God
0.2%
Strangest Tribe
0.2%
Evil Little Goat
0.1%
Happy When I'm Crying
0.1%
Last Soldier
0.1%
You're True
0.1%

You're not logged in!

Compare scores with friends on all Sporcle quizzes.
Join for Free
OR
Log In

You Might Also Like...

Show Comments

Extras

Top Quizzes Today


Score Distribution

Your Account Isn't Verified!

In order to create a playlist on Sporcle, you need to verify the email address you used during registration. Go to your Sporcle Settings to finish the process.

Report this User

Report this user for behavior that violates our Community Guidelines.

Details: